Представление документа в формате RUSMARC

Поле Инд. ПП Название Значение
Тип записи a
Библиографический уровень a
001 Контрольный номер ddc2c6d498944fb198f1e35a9f955d6d
005 Дата корректировки 20190924125503.8
100 a Данные общей обработки 20190924 ||| 0rusy0189 ca
101 0_ a Язык текста rus
102 a Страна публикации RU
200 1_ f Первые сведения об ответственности А.А. Волос
a Заглавие Экономический анализ права как методологический подход к исследованию принципов гражданского права
b Общее обозначение материала Текст
210 1_ d Дата издания 2019
461 _0 1 2000
a Право и экономика
463 _0 1 2000
a № 5
v С. 18-24
1 2101
d 2019
1 001a605e71111ab48eb853ca6d07dcb5cb3
606 a Основная рубрика Гражданское и торговое право
610 0_ a Ключевые слова ГРАЖДАНСКОЕ ПРАВО
a Ключевые слова ПРИНЦИПЫ ПРАВА
a Ключевые слова ЭКОНОМИЧЕСКИЙ АНАЛИЗ
a Ключевые слова МЕТОДОЛОГИЯ
700 _1 a Фамилия Волос
b Имя А.А.
801 _0 a Страна RU
b Организация РГУП
c Дата составления 20190924
g Правила каталогизации PSBO
801 _1 a Страна RU
b Организация РГУП
c Дата составления 20190924
g Правила каталогизации PSBO
901 t Тип документа b
w Контрольный № источника a605e71111ab48eb853ca6d07dcb5cb3
905 a Дата ввода 20190924